Historia dos estabelecimentos scientificos, litterarios e artisticos de Portugal nos successivos reinados da monarchia / (Record no. 165387)

MARC details
000 -LEADER
campo de control de longitud fija 01244nam a22002175i 4500
001 - NÚMERO DE CONTROL
campo de control 165387
003 - IDENTIFICADOR DE NÚMERO DE CONTROL
campo de control ES-MaACL
005 - FECHA Y HORA DE LA ÚLTIMA TRANSACCIÓN
campo de control 20230906213128.0
008 - DATOS DE LONGITUD FIJA--INFORMACIÓN GENERAL
campo de control de longitud fija 990204m18711893po |||| | por d
100 1# - ENTRADA PRINCIPAL--NOMBRE DE PERSONA
Nombre de persona Silvestre Ribeiro, José.
9 (RLIN) 132747
245 10 - MENCIÓN DEL TÍTULO
Título Historia dos estabelecimentos scientificos, litterarios e artisticos de Portugal nos successivos reinados da monarchia /
Mención de responsabilidad, etc. por José Silvestre Ribeiro.
260 ## - PUBLICACIÓN, DISTRIBUCIÓN, ETC.
Lugar de publicación, distribución, etc. Lisboa :
Nombre del editor, distribuidor, etc. [s.n.],
Fecha de publicación, distribución, etc. 1871-1893 (
Fabricante Typ. da Academia Real das Sciencias)
300 ## - DESCRIPCIÓN FÍSICA
Extensión 18 v. ;
Dimensiones 24 cm.
597 ## - NOTA DE DESCRIPCIÓN FÍSICA
NOTA DE DESCRIPCIÓN FÍSICA Vol. I (XI, 521 p.) -- v. II (XI, 477 p.) -- v. III (XI, 476 p.) -- v. IV (XI, 489 p.) -- v. V (XI, 473 p.) -- v. VI (XIII, 474 p.) -- v. VII (XI, 475 p.) -- v. VIII (VI, 493 p.) -- v. IX (XIII, 493 p.) -- v. X (XX, 514 p.) -- v. XI (VI, 492 p.) -- v. XII (VI, 490 p.) -- v. XIII (V, 464 p.) -- v. XIV (VI, 571 p.) -- v. XV (VI, 475 p.) -- v. XVI (VI, 496 p.) -- v. XVII (VI, 658 p.) -- v. XVIII (367 p.)
650 #4 - PUNTO DE ACCESO ADICIONAL DE MATERIA--TÉRMINO DE MATERIA
Término de materia o nombre geográfico como elemento de entrada Instituciones científicas-
Subdivisión geográfica Portugal.
9 (RLIN) 176269
650 #4 - PUNTO DE ACCESO ADICIONAL DE MATERIA--TÉRMINO DE MATERIA
Término de materia o nombre geográfico como elemento de entrada Instituciones culturales-
Subdivisión geográfica Portugal.
9 (RLIN) 176270
650 #4 - PUNTO DE ACCESO ADICIONAL DE MATERIA--TÉRMINO DE MATERIA
Término de materia o nombre geográfico como elemento de entrada Ciencia-
Subdivisión geográfica Portugal.
9 (RLIN) 170928
651 ## - PUNTO DE ACCESO ADICIONAL DE MATERIA--NOMBRE GEOGRÁFICO
Nombre geográfico Portugal-
Subdivisión general Civilización.
9 (RLIN) 9249
752 ## - ENTRADA AGREGADA--NOMBRE JERÁRQUICO DEL LUGAR
País o entidad superior Portugal -
Ciudad Lisboa
852 4# - LOCALIZACIÓN
Ubicación ES-MaACL
Número de control de estantería G-8443-60
Nota libre - Enc. pasta
Holdings
Estatus retirado Estado de pérdida Estado de daño No para préstamo Colección Biblioteca de origen Biblioteca actual Ubicación en estantería Fecha de adquisición Total de préstamos Signatura topográfica completa Código de barras Visto por última vez Precio de reemplazo Tipo de ítem Koha
        Libros del s. XIX Biblioteca del Ateneo de Madrid Biblioteca del Ateneo de Madrid Sala Pecera Planta 3 17/01/2008   G-8443-60 1173431 23/02/2023 23/02/2023 Libro impreso antiguo